| 000 | 01032nam a22002537a 4500 | ||
|---|---|---|---|
| 001 | 38243 | ||
| 003 | BD-RjUL | ||
| 005 | 20211209052745.0 | ||
| 008 | 151014s2007 ii ||||| b||| 00| 0 ben d | ||
| 020 | _a8187032685 | ||
| 035 | _a(BD-RjUL)38348 | ||
| 040 |
_aBD-RjUL _bben _cBD-RjUL |
||
| 041 | _aben | ||
| 082 |
_222 _a294.3 _bCHB 2007 |
||
| 100 |
_aচৌধুরী, বিনয়েন্দ্র নাথ _9118240 |
||
| 245 |
_aবৌদ্ধ সাহিত্য / _cবিনয়েন্দ্র নাথ চৌধুরী ; সুকোমল চৌধুরী সম্পাদিত |
||
| 250 | _a২য় সং. | ||
| 260 |
_aকলকাতা : _bমহাবোধি বুক এজেন্সী, _c২০০৭ |
||
| 300 |
_a২৭৬ পৃ়. ; _c২১ সেমি. |
||
| 490 |
_aবুদ্ধ ও বৌদ্ধধর্ম সিরিজ- _vগ্রন্থমালা ৩ |
||
| 650 |
_aবৌদ্ধধর্ম _9118241 |
||
| 650 |
_aBuddhism. _9118242 |
||
| 942 |
_2ddc _cBK _01 |
||
| 999 |
_c38243 _d38243 |
||